Responses for show #8437 - Tuesday, July 6, 2021

Courtney Shah game 7.
Champion's winnings & consolation amounts matched to Odyssey Atlanta.

Contestants

[<< previous game]

Laura Hatcher, a communications consultant from Myrtle Beach, South Carolina

Alex Stubblefield, a Ph.D. candidate in economics from Montgomery, Texas

Courtney Shah, a community college instructor from Portland, Oregon (whose 6-day cash winnings total $96,958)

[next game >>]

Jeopardy! Round responses

AMERICANA
STREET ART
CHECKING IN TO THE MOVIES
RESISTING A REST
WOMEN WHO WRITE
USE YOUR TWO "I"s
(Sanjay: The only vowels in each response are gonna be 2 "I"s.)
    $200 16
John Henry

Alex
    $200 21
subway cars

Alex
    $200 26
India

Courtney
    $200 8
a woodpecker

Laura
    $200 1
Alice

Alex
    $200 2
a spirit

Alex
    $400 20
Puerto Rico

Alex
    $400 22
Barack Obama

Triple Stumper
    $400 27
Tokyo

Laura
    $400 9
the snooze button

Laura
    $400 4
"America The Beautiful"

Courtney
    $400 6
icing

Courtney
    $600 19
mole

Alex
    $600 23
AIDS

Courtney
    $600 28
the Coronado

Courtney
    $600 10
(Laura: What is melatonin?)

caffeine

Laura
Triple Stumper
    $600 5
Chicago

Laura
    $600 14
(Alex: What is... vigilance?)

vigil

CourtneyAlex
    $1,000 18
(Alex: What is flint?)

coal

Alex
    $800 24
Space Invaders

Alex
    $800 29
Home Alone 2

Alex
    $800 11
white noise

Alex
    $800 7
(Laura: Who is Fitzgerald?)
(Sanjay: More specific, please.)

Zelda Fitzgerald

Laura
    $800 15
an ibis

Courtney
    $1000 17
post office

Triple Stumper
    $1000 25
Fab 5 Freddy

Triple Stumper
    $1000 30
Ex Machina

Courtney
    $1000 12
charley horse

Courtney
    $1000 13
Lazarus

Courtney
    $1000 3
critic

Courtney

Scores at the first commercial break (after clue 15):

Courtney Alex Laura
$5,200 $600 $1,400

Scores at the end of the Jeopardy! Round:

Courtney Alex Laura
$7,600 $2,600 $1,800

Double Jeopardy! Round responses

AFRICAN AMERICANS PRE-1860
BEAUTIFUL VOCABULARY
THE HUMAN BODY
A WORLD TO KISS
HOLIDAYS & OBSERVANCES
ROCK & ROLL HALL OF FAME NICKNAMES
    $400 3
blood

Courtney
    $400 8
fine

Laura
    $400 1
immune system

Laura
    $400 17
the hands & the feet

Alex
    $400 11
Lent

Alex
    $400 13
Jim Morrison

Courtney
    $800 4
literacy

Courtney
    $800 9
pretty

Alex
    $800 2
the ovaries

Courtney
    $800 30
the Blarney Stone

Alex
    $800 12
UNICEF

Courtney
    $800 14
Marvin Gaye

Courtney
    $1200 5
the Marine Corps

Alex
    $1200 10
dulcet

Triple Stumper
    $1200 26
anterior cruciate ligament

Triple Stumper
    $1200 19
Reno

Courtney
    $1200 23
December 26th

Courtney
    $1200 15
"The Killer"

Triple Stumper
    $1600 6
Georgetown

Courtney
    $1600 24
statuesque

Laura
    $1600 27
the carpals

Laura
    $4,000 18
(Alex: What is Lyon?)

Lourdes

Alex
    $1600 22
(Alex: What is Jubilee?)

Victoria Day

Alex
Triple Stumper
    $1600 16
(Sanjay: Nobody? [*].)
(Courtney: I was singing the song.)

Neil Diamond

Triple Stumper
    $2000 7
AME (African Methodist Episcopal)

Courtney
    $2000 25
bellisima

Laura
    $5,000 28
(Laura: What is the durum?)
...
(Laura: So close.)

dura mater

Laura
    $2000 29
University of Virginia

Triple Stumper
    $2000 21
(Laura: What is the Macy's Thanksgiving Day Parade?)
...
(Sanjay: There was more patriotism and more [*] after 9/11.)

Veterans Day

Laura
Triple Stumper
    $2000 20
Bonham

Alex

Scores at the end of the Double Jeopardy! Round:

Courtney Alex Laura
$17,600 $2,600 $800
(lock game)

[wagering suggestions for these scores]

Final Jeopardy! Round responses

COLLEGES & UNIVERSITIES
[Courtney misspelled "University", but no mention of the error was made.]
LauraWhat is (the) Ohio State University?
$0
AlexWhat is Ohio State University?
$999
CourtneyWhat is THE Ohio State Univesity?
$4,000
(the) Ohio State University

Final scores:

Courtney Alex Laura
$21,600 $3,599 $800
7-day champion: $118,558 2nd place: $2,000 3rd place: $1,000

Game dynamics:

Coryat scores:

Courtney Alex Laura
$17,600 $7,600 $5,800
21 R,
0 W
15 R,
4 W
(including 2 DDs)
10 R,
3 W
(including 1 DD)

Combined Coryat: $31,000

The J! Archive is created by fans, for fans. The Jeopardy! game show and all elements thereof, including but not limited to copyright and trademark thereto, are the property of Jeopardy Productions, Inc. and are protected under law. This website is not affiliated with, sponsored by, or operated by Jeopardy Productions, Inc. Join the discussion at JBoard.tv.